000 00576nam a2200217 i 4500
001 C2-0298768
003 PPAK
005 20180728080701.0
008 090608s my |||| ||||| | may d
040 _aPPAK
_beng
_cPPAK
_erda
082 0 4 _a398.9993
_223
090 0 0 _a398.9993
_bLOO
_dKIH
100 0 _aLoo mun,
_eauthor
245 1 0 _aPantun peribahasa melayu
264 1 _aKuala Lumpur :
_bJabatan Pengajian China ,
300 _a48 pages ;
_c19 cm
336 _2rdacontent
_atext
337 _2rdamedia
_aunmediated
338 _2rdacarrier
_avolume
942 _ddc
_cB
999 _c102913
_d102913